00942nam a2200277Ia 450000500170000000800410001702000190005808200200007710000290009724501150012625000190024130000420026049000170030250000250031950400280034465000450037265000370041765000290045494200120048326400310049533600270052633700330055333800280058604000350061499900150064920220317000956.0160825s2009 ck a g 000 0 spa  a9789582002601204a371.30281bF73p1 aFrías Navarro, Matilde10aProcesos creativos para la construcción de textosbinterpretación y composicióncMatilde Frías Navarro a3a. edición  a291 páginas bilustracionesc24 cm  aAula abierta aIncluye biografía  aIncluye bibliografía 142LEMBaRedacción de escritosvManuales 142LEMB aArte de escribir novelas 142LEMB aEstilo literario  2ddccBK aBogotábMagisterioc2009 atextobtxt2rdacontent asin mediaciónbn2rdamedia avolumenbnc2rdacarrier aCO-BoRNBPbspaerdacCO-BoRNBP c5566d5566